| 000 | 00894nas a2200289 4500 | ||
|---|---|---|---|
| 001 | BR0903522 | ||
| 003 | BR-BrBNA | ||
| 005 | 20231205113442.0 | ||
| 007 | ta | ||
| 008 | 230509b bl.|||p| |||| 00| 00por d | ||
| 040 |
_aBR-BrBNA _bpor _cBiblioteca Nacional de Agricultura |
||
| 041 | _a(En) | ||
| 072 | _aK10 | ||
| 100 | 1 | _aAssis, A.L. de | |
| 100 | 1 | _aMello, J.M. de | |
| 100 | 1 | _aGuedes, I.C. de L. | |
| 100 | 1 | _aScalforo, J.R.S. | |
| 100 | 1 | _aOliveira, A.D. de | |
| 245 | 1 | _aDevelopment of a sampling strategy for young stands of Eucalyptus sp. using geostatistics | |
| 650 | _aEUCALIPTO | ||
| 650 | _aPLANTIO | ||
| 650 | _aINVENTÁRIO FLORESTAL | ||
| 773 | 0 |
_tCerne (Brazil) _xISSN 0104-7760 _g(Apr-Jun 2009), v. 15(2) p. 166-173 _wBR0903522 |
|
| 856 | 4 | 0 | _uhttp://www.aprh.pt/rgci/pdf/rgci-155_Borges.pdf |
| 909 |
_a202311 _bLúcia _c55 _dLúcia Elande |
||
| 942 |
_2AGRIS _n0 _cANA |
||
| 999 |
_c203842 _d203842 |
||